000 00615nam a2200229Ia 4500
003 OSt
005 20221007063847.0
006 a|||||r|||| 00| 0
007 ta
008 221006b |||||||| |||| 00| 0 eng d
024 _a28,933
037 _cTextual
040 _aFLL
_cFLL
_beng
041 _2eng
_aeng
082 _aZQ2v:D, J3;1
100 _aSen-Gupta Nares Chandra
245 0 _aEvolution of ancient Indian law
260 _aCalcutta
_bS. Sen-Gupta India
_c1953
300 _a336p
_ccm.
942 _hZQ2v:D, J3;1
_cTEXL
_2CC
999 _c1132370
_d1132370